000
00313nam a2200133Ia 4500
005
20251222140038.0
008
251222s1900||||xx |||||||||||||| ||spa||
020
_a
8492302313
082
_a
141.5/M88/1997
100
_a
Mounier, Enmanuel
245
0
_a
El Personalismo
264
_b
Acción Cristiana
942
_c
LIB
999
_c
3176
_d
3176